00870nam a22001815i 4500001000700000003000900007005001700016008004100033040003000074245014700104260005900251300001800310505017600328650002700504710003900531752002400570852009400594162468ES-MaACL20230906212531.0990716m18561891po |||| | lat d aCCPB | B bspa cCCPB | B00aPortugaliae monumenta historica b: a saeculo octavo post Christum usque ad quintumdecimum / cIussu Academiae Scientiarum Olisponensis edita. aOlisipone : b[s.n.], c1856-1891 (fTypis Academicis) av. ; c44 cm.8 aV. I. Scriptores (XXVII, 420 p.) -- V. I. Diplomata et chartae (VIII, 564 p.) -- V. I. Inquisitiones (454 p.) -- V. I. Legum et consuetudinum. Index generalis (p. 941-980) 4aMonumentos-zPortugal.2 aAcademia das Ciências de Lisboa. aPortugal - dLisboa aES-MaACLjG-4094 z-- Enc. pasta española q-- Sólo v-I, Inquisitiones, 1888 (454 p.)